Research Methods in Business Studies
Saved in:
| Main Author: | |
|---|---|
| Other Authors: | , |
| Format: | Book |
| Language: | English |
| Published: |
Cambridge
Cambridge University Press
2020
|
| Edition: | 5th Edition |
| Subjects: | |
| Tags: |
No Tags, Be the first to tag this record!
|
MARC
| LEADER | 00000nam a2200000 4500 | ||
|---|---|---|---|
| 001 | 0278666 | ||
| 005 | 20240221114336.6 | ||
| 020 | |a 978-1-108-70824-1 | ||
| 020 | |a 978-1-108-48674-3 | ||
| 041 | 0 | |a eng | |
| 044 | |a GB | ||
| 245 | 1 | 0 | |a Research Methods in Business Studies |c Pervez N. Ghauri, Kjell Grønhaug, Roger Strange |
| 250 | |a 5th Edition | ||
| 264 | 1 | |a Cambridge |b Cambridge University Press |c 2020 | |
| 300 | |a 327 s. | ||
| 610 | 2 | 0 | |a výskum podnikový |
| 610 | 2 | 0 | |a metódy výskumu |
| 610 | 2 | 0 | |a dáta |
| 610 | 2 | 0 | |a výskum kvalitatívny |
| 610 | 2 | 0 | |a výskum kvantitatívny |
| 610 | 2 | 0 | |a regresia |
| 610 | 2 | 0 | |a analýzy |
| 100 | 1 | |a Ghauri, Pervez N. | |
| 700 | 1 | |a Grønhaug, Kjell | |
| 700 | 1 | |a Strange, Roger | |